000 00839nam a2200253 a 4500
001 64442
003 BD-RjUL
005 20211209081317.0
008 170123s2002 bg 00010 eng d
020 _a984508446X
_c: Complimentary
035 _a(BD-RjUL)64572
040 _aBD-RjUL
_beng
_dBD-RjUL
_cBD-RjUL
041 _aeng
082 _223
_a630.95492021
_bDIN 2002 (ZS)
110 _aBangladesh Bureau of Statistics
_9179266
245 1 0 _aCensus of Agriculture - 1996 :
_bZila Series: Dinajpur /
_cBangladesh Bureau of Statistics
260 _aDhaka :
_bBBS,
_c2002.
300 _axiv, 552 p. :
_bill. ;
_c28 cm.
490 _aZila Series: Dinajpur
500 _aChiefly statistical tables.
650 _aAgriculture
_zBangladesh
_zDinajpur
_vStatistics
_y1996
_9191182
830 _aZila Series: Dinajpur
_9191184
942 _2ddc
_cRAR
999 _c64442
_d64442